MARC details
| 000 -LEADER |
| campo de control de longitud fija |
02234cac a2200229 a 4500 |
| 003 - IDENTIFICADOR DE NÚMERO DE CONTROL |
| campo de control |
CO-PeBPM |
| 005 - FECHA Y HORA DE LA ÚLTIMA TRANSACCIÓN |
| campo de control |
20250723103207.0 |
| 008 - DATOS DE LONGITUD FIJA--INFORMACIÓN GENERAL |
| campo de control de longitud fija |
231129s1978||||ck a||||||||||||| ||spa|| |
| 020 ## - NÚMERO INTERNACIONAL ESTÁNDAR DEL LIBRO |
| Número Internacional Estándar del Libro |
8427111118 |
| 040 ## - FUENTE DE CATALOGACIÓN |
| Centro catalogador/agencia de origen |
CO-PeBPM |
| Lengua de catalogación |
spa |
| Centro/agencia transcriptor |
CO-PeBPM |
| Normas de descripción |
rda |
| 041 ## - CÓDIGO DE IDIOMA |
| Código de lengua del texto/banda sonora o título independiente |
spa |
| 082 04 - NÚMERO DE LA CLASIFICACIÓN DECIMAL DEWEY |
| Número de clasificación |
153.4 G581d |
| Número de edición |
22 |
| 100 1# - ENTRADA PRINCIPAL--NOMBRE DE PERSONA |
| Nombre de persona |
Godefroy, Christian H. |
| Término indicativo de función/relación |
autor |
| 245 10 - MENCIÓN DEL TÍTULO |
| Título |
La dinámica mental |
| Resto del título |
: El desarrollo de las facultades paranormales |
| Mención de responsabilidad, etc. |
/ Christian H. Godefroy; traducción José Ma. Rotaeche |
| 260 ## - PUBLICACIÓN, DISTRIBUCIÓN, ETC. |
| Lugar de publicación, distribución, etc. |
Bilbao, España |
| Nombre del editor, distribuidor, etc. |
: Ediciones Mensajero |
| Fecha de publicación, distribución, etc. |
, 1978 |
| 300 ## - DESCRIPCIÓN FÍSICA |
| Extensión |
22 páginas |
| Otras características físicas |
ilustraciones en blanco y negro |
| Dimensiones |
22 centímetros |
| 500 ## - NOTA GENERAL |
| Nota general |
Incluye índice |
| 500 ## - NOTA GENERAL |
| Nota general |
Contiene datos biográficos del autor en la solapa del texto |
| 520 ## - RESUMEN, ETC. |
| Sumario, etc. |
La mayoría de nosotros hemos perdido contacto con nuestros poderes psíquicos. La vida moderna, la civilización mecánica, el desarrollo de un saber racional y lógico los han eclipsado. Sin embargo, todos poseemos facultades paranormales y todos tenemos a nuestro alcance recursos para desarrollarlos. Gracias a setenta a∞nos de investigaciones y a la acumulación de pruebas irrefutables, la joven parapsicología pierde hoy su anterior olor a azufre para convertirse en una ciencia. Christina Godefroy ha introducido en Francia un método de autorrealización inspirado en la sofrología y en el entrenamiento autógeno de Schultz, al que denomina « dinámica mental » y que permite a quienes lo desean sacar un mayor partido de ellos mismos, acceder al « ritmo alfa », aquél en que nuestro cerebro libera sus facultades de intuición, clarividencia, telepatía, etc. Entrenados en la dinámica mental podemos sentir el estado físico y moral de nuestros semejantes, y ayudarles; podemos mejorar nuestra conducta habitual y perder cierto número de nuestros hábitos perniciosos : tomar somníferos, fumar, beber en exceso, etc. Podemos ciertamente mejorar nuestro equilibrio, adquirir una memoria más fiel, una creatividad más rica, una concentración más eficaz. De un modo notable podemos desarrollar todo un potencial que conservamos sin emplear. |
| 942 ## - ELEMENTOS DE ENTRADA SECUNDARIOS (KOHA) |
| Fuente del sistema de clasificación o colocación |
Clasificación Decimal Dewey |
| Tipo de ítem Koha |
|